000 00288nam a22001337a 4500
008 181107b xxu||||| |||| 00| 0 eng d
020 _a0130004499
041 _aeng
080 _24 TH
_a101
100 _a24
101 _aFIL
245 _aAbout Philosophy
_cWolf.R.P
942 _2udc
_cBK
999 _c52193
_d52193